=LDR 00000nam 2200000 4500 =001 INLIS000000000012916 =005 20130612104405 =008 ***********************************Ind** =035 ##$$a0010-061300000012916 =041 ##$$a Ind =082 ##$$a 630.720 21 =090 ##$$a 630.720.21, Gom p =100 ##$$a Gomer, Kwanchai A =245 ##$$a Prosedur Statistik untuk penelitian pertanian, Rwanchai A. Gomor : Penerjemah Endang Syamsudin =260 ##$$a 1995 $b Jakarta =300 ##$$a xi, 698 hlm., Ilus, 24 cm =650 ##$$a Pertanian =650 ##$$a penelitian =650 ##$$a Statistik =700 ##$$a Syamsuddin, Endang =850 ##$$a NBPNMAT =990 ##$$a 94141/BPAP-NTB/2014 =990 ##$$a 21400613/BPAP-NTB/20142014 =990 ##$$a 0001/BPAP-NTB/20142014 =990 ##$$a 10400882 =990 ##$$a 21400613/BPAP-NTB/20142014 =990 ##$$a 0001/BPAP-NTB/20142014 =990 ##$$a 10400882 =990 ##$$a 21400613/BPAP-NTB/20142014 =990 ##$$a 0001/BPAP-NTB/20142014